[Event "CZE-chT2D 1920"]
[Site "Czech Republic"]
[Date "2020.01.12"]
[Round "6.5"]
[White "Horak, Jan"]
[Black "Krys, Jaromir"]
[Result "1/2-1/2"]
[WhiteElo "2088"]
[BlackElo "1991"]
[PlyCount "104"]
[EventDate "2019.10.13"]
[EventType "team-tourn"]
[EventRounds "11"]
[EventCountry "CZE"]
[SourceTitle "EXT 2024"]
[Source "ChessBase"]
[SourceDate "2023.10.10"]
[SourceVersion "1"]
[SourceVersionDate "2023.10.10"]
[SourceQuality "1"]
[WhiteTeam "Nachod Snezka"]
[BlackTeam "Chrudim"]
[WhiteTeamCountry "CZE"]
[BlackTeamCountry "CZE"]

1. e4 e5 2. Nf3 Nc6 3. Nc3 Nf6 4. d4 exd4 5. Nxd4 Bc5 6. Nb3 Bb4 7. Bd3 d5 8. exd5 Nxd5 9. 0-0 Nxc3 10. Qe1+ Be7 11. Qxc3 0-0 12. Rd1 Qe8 13. Bf4 Bf6 14. Qc5 b6 15. Qh5 g6 16. Qf3 Bb7 17. Re1 Qc8 18. Be4 Nd8 19. c3 Bxe4 20. Rxe4 Bg7 21. Nd4 c5 22. Nb3 Ne6 23. Rd1 Qa6 24. Nc1 Nxf4 25. Qxf4 Rad8 26. Ree1 Rxd1 27. Rxd1 Qb5 28. Qd2 Re8 29. h3 Bf6 30. Qc2 Qc4 31. Qd3 Qe6 32. Qf3 Kg7 33. Kf1 b5 34. Qd5 Qb6 35. Qd6 Rb8 36. Qxb6 Rxb6 37. Nb3 c4 38. Nc5 b4 39. Nd7 Ra6 40. Nxf6 Kxf6 41. cxb4 Rxa2 42. Rd4 Rxb2 43. Rxc4 h5 44. h4 Ke6 45. g3 Kd6 46. Kg2 Ra2 47. b5 Ra5 48. Rc6+ Kd7 49. Rf6 Ke7 50. Rc6 Kd7 51. Rf6 Ke8 52. b6 axb6 1/2-1/2

[Event "CZE-chT2D 1920"]
[Site "Czech Republic"]
[Date "2019.12.01"]
[Round "4.4"]
[White "Krys, Jaromir"]
[Black "Ringel, Zbynek"]
[Result "1-0"]
[WhiteElo "1991"]
[BlackElo "2272"]
[PlyCount "79"]
[EventDate "2019.10.13"]
[EventType "team-tourn"]
[EventRounds "11"]
[EventCountry "CZE"]
[SourceTitle "EXT 2024"]
[Source "ChessBase"]
[SourceDate "2023.10.10"]
[SourceVersion "1"]
[SourceVersionDate "2023.10.10"]
[SourceQuality "1"]
[WhiteTeam "Chrudim"]
[BlackTeam "Hradec Kralove Slavia"]
[WhiteTeamCountry "CZE"]
[BlackTeamCountry "CZE"]

1. e4 c5 2. Nf3 d6 3. d4 cxd4 4. Nxd4 Nf6 5. Nc3 Nc6 6. Bc4 Qb6 7. Nxc6 bxc6 8. 0-0 e5 9. Kh1 Be7 10. f4 0-0 11. Qf3 a5 12. b3 Nd7 13. Qg3 Bf6 14. f5 a4 15. Ba3 Nc5 16. Qe3 axb3 17. Bxc5 Qxc5 18. Qxc5 dxc5 19. axb3 Rxa1 20. Rxa1 g6 21. g4 Kg7 22. Ra7 h5 23. h3 hxg4 24. hxg4 Bg5 25. Kg2 Rd8 26. Bxf7 gxf5 27. gxf5 Bf4 28. Kf3 Kf6 29. Bc4 Rd2 30. Ne2 Bh6 31. Rc7 Bd7 32. Kg4 Rd1 33. Ng3 Ke7 34. Be6 Kd8 35. Rxd7+ Rxd7 36. Bxd7 Kxd7 37. Kh5 Bf4 38. Ne2 Bd2 39. Kg6 c4 40. Kg7 1-0

[Event "CZE-chT2D 1819"]
[Site "Czech Republic"]
[Date "2018.11.04"]
[Round "2.7"]
[White "Beranek, Ondrej"]
[Black "Krys, Jaromir"]
[Result "0-1"]
[WhiteElo "1848"]
[BlackElo "2037"]
[PlyCount "76"]
[EventDate "2018.10.14"]
[EventType "team-tourn"]
[EventRounds "11"]
[EventCountry "CZE"]
[SourceTitle "EXT 2022"]
[Source "ChessBase"]
[SourceDate "2021.10.06"]
[SourceVersion "1"]
[SourceVersionDate "2021.10.06"]
[SourceQuality "1"]
[WhiteTeam "Chotebor"]
[BlackTeam "Chrudim"]
[WhiteTeamCountry "CZE"]
[BlackTeamCountry "CZE"]

1. e4 e5 2. Nf3 Nc6 3. Bb5 Nge7 4. 0-0 g6 5. c3 Bg7 6. d4 exd4 7. cxd4 d5 8. e5 0-0 9. h3 f6 10. exf6 Bxf6 11. Nc3 a6 12. Ba4 b5 13. Bb3 Na5 14. Re1 Nxb3 15. Qxb3 c6 16. Bh6 Bg7 17. Bxg7 Kxg7 18. Ne5 Qd6 19. Rac1 Ra7 20. Ne2 Rc7 21. Ng3 Qf6 22. Rc2 Bf5 23. Rce2 Nc8 24. Qa3 Nd6 25. Qa5 Rfc8 26. b3 c5 27. dxc5 Ne4 28. Nxf5+ gxf5 29. Nd3 Qd4 30. Nf4 Rc6 31. Kh2 Qxc5 32. g3 Rh6 33. Kg2 Qd6 34. a4 d4 35. Nd3 Rc3 36. Nc1 Rxg3+ 37. Kf1 Rhxh3 38. Rxe4 Rh1+ 0-1

[Event "CZE-chT2D 1516"]
[Site "Czech Republic"]
[Date "2016.04.03"]
[Round "10.5"]
[White "Krys, Jaromir"]
[Black "Varejcko, Josef"]
[Result "0-1"]
[WhiteElo "2038"]
[BlackElo "2230"]
[PlyCount "96"]
[EventDate "2015.10.18"]
[EventType "team-tourn"]
[EventRounds "11"]
[EventCountry "CZE"]
[SourceTitle "EXT 2022"]
[Source "ChessBase"]
[SourceDate "2021.10.06"]
[SourceVersion "1"]
[SourceVersionDate "2021.10.06"]
[SourceQuality "1"]
[WhiteTeam "Chrudim"]
[BlackTeam "Lipa ZVU Engineering"]
[WhiteTeamCountry "CZE"]
[BlackTeamCountry "CZE"]

1. e4 c5 2. Nf3 Nc6 3. d4 cxd4 4. Nxd4 d5 5. exd5 Qxd5 6. Be3 e5 7. Nc3 Qa5 8. Nb3 Qc7 9. Nd5 Qd8 10. Bc4 Be6 11. Qf3 Nf6 12. 0-0-0 Nxd5 13. Bxd5 Nd4 14. Bxd4 Qxd5 15. Qxd5 Bxd5 16. Bxe5 0-0-0 17. Rd3 Bc6 18. Rxd8+ Kxd8 19. Na5 Bxg2 20. Rg1 Be4 21. Rd1+ Kc8 22. Rd4 Bc6 23. Nxc6 bxc6 24. Rc4 Kd7 25. Ra4 Ke6 26. Bd4 Bd6 27. h3 Bf4+ 28. Kd1 Rd8 29. Ke2 g5 30. Bxa7 Rd2+ 31. Kf3 Rxc2 32. Rb4 f5 33. a4 h5 34. Bb6 Bd6 35. Rb3 g4+ 36. Kg2 f4 37. hxg4 hxg4 38. Kf1 c5 39. a5 Rc1+ 40. Ke2 f3+ 41. Ke3 Re1+ 42. Kd2 Re2+ 43. Kd3 Kd5 44. Rb5 Kc6 45. Rb3 Re8 46. Kc4 g3 47. fxg3 f2 48. Rf3 Rf8 0-1

[Event "CZE-chT2D 1213"]
[Site "Czech Republic"]
[Date "2013.01.06"]
[Round "6.7"]
[White "Kraus, Ondrej"]
[Black "Krys, Jaromir"]
[Result "0-1"]
[WhiteElo "2031"]
[BlackElo "2082"]
[PlyCount "70"]
[EventDate "2012.10.14"]
[EventType "team-tourn"]
[EventRounds "11"]
[EventCountry "CZE"]
[SourceTitle "EXT 2016"]
[Source "ChessBase"]
[SourceDate "2015.10.08"]
[SourceVersion "1"]
[SourceVersionDate "2015.10.08"]
[SourceQuality "1"]
[WhiteTeam "Pardubice Rapid II"]
[BlackTeam "Chrudim"]
[WhiteTeamCountry "CZE"]
[BlackTeamCountry "CZE"]

1. d4 Nf6 2. Nf3 d5 3. c4 e6 4. Nc3 Be7 5. e3 0-0 6. Bd3 b6 7. 0-0 Bb7 8. b3 c5 9. Bb2 Nc6 10. Qe2 cxd4 11. exd4 dxc4 12. bxc4 Qc7 13. Nb5 Qf4 14. Bc1 Qg4 15. h3 Qh5 16. Bf4 Rfd8 17. Qb2 Nb4 18. Be2 Qg6 19. a3 Nd3 20. Bxd3 Qxd3 21. Bc7 Bxf3 22. gxf3 Rd7 23. Be5 Qxf3 24. Kh2 Ne4 25. Rae1 f6 26. Re3 Qf5 27. Qe2 Ng5 28. f4 Nf7 29. Bc7 a6 30. Qg2 Rf8 31. Qc6 e5 32. Ref3 e4 33. Rb3 axb5 34. Rxb5 Ne5 35. dxe5 Rd2+ 0-1

[Event "Rychnov Seniors op"]
[Site "Rychnov nad Kneznou"]
[Date "2012.08.20"]
[Round "1"]
[White "Tejkal, Jiri"]
[Black "Krys, Jaromir"]
[Result "1-0"]
[WhiteElo "1929"]
[BlackElo "1664"]
[PlyCount "69"]
[EventDate "2012.08.20"]
[EventType "swiss"]
[EventRounds "9"]
[EventCountry "CZE"]
[SourceTitle "CBM 150 Extra"]
[Source "ChessBase"]
[SourceDate "2012.10.19"]
[SourceVersion "1"]
[SourceVersionDate "2012.10.19"]
[SourceQuality "1"]

1. d4 d5 2. c4 e6 3. cxd5 exd5 4. Nc3 Nf6 5. Bf4 a6 6. e3 Bd6 7. Bg5 Be7 8. Bd3 Nc6 9. a3 h6 10. Bh4 0-0 11. h3 Be6 12. Nf3 Qd7 13. Qc2 Rac8 14. Rc1 Kh8 15. Na4 Rfe8 16. Bxf6 Bxf6 17. Nc5 Qe7 18. Nxb7 Nxd4 19. exd4 Bf5+ 20. Kf1 Bxd3+ 21. Qxd3 c5 22. Nxc5 Qe4 23. Qd2 Qf5 24. Kg1 Rc6 25. Kh2 Rec8 26. b4 Be7 27. Rhe1 Bd6+ 28. Kg1 Bf4 29. Qc2 Qf6 30. Rcd1 g5 31. Ne5 Re6 32. Qe2 Ree8 33. Qg4 a5 34. Qd7 Rcd8 35. Nxf7+ 1-0

[Event "CZE-chT2D 1011"]
[Site "Czech Republic"]
[Date "2010.12.05"]
[Round "4"]
[White "Tesar, Jan"]
[Black "Krys, Jaromir"]
[Result "1-0"]
[WhiteElo "2143"]
[BlackElo "2082"]
[PlyCount "59"]
[EventDate "2010.10.17"]
[EventType "team-tourn"]
[EventRounds "11"]
[EventCountry "CZE"]
[SourceTitle "EXT 2012"]
[Source "ChessBase"]
[SourceDate "2011.11.24"]
[SourceVersion "1"]
[SourceVersionDate "2011.11.24"]
[SourceQuality "1"]
[WhiteTeam "Trebic Caissa"]
[BlackTeam "Chrudim"]
[WhiteTeamCountry "CZE"]
[BlackTeamCountry "CZE"]

1. d4 Nf6 2. Bg5 c5 3. d5 d6 4. Nc3 g6 5. e4 Bg7 6. Nf3 0-0 7. Bc4 a6 8. a4 Bg4 9. h3 Bxf3 10. Qxf3 Nbd7 11. Qe3 Ne8 12. 0-0 b6 13. Bh6 Ne5 14. Be2 Bxh6 15. Qxh6 f6 16. Qe3 Nc7 17. f4 Nf7 18. Rf2 Rb8 19. Bg4 Kg7 20. Be6 Qe8 21. Raf1 b5 22. e5 b4 23. Ne4 f5 24. Nd2 Qxa4 25. Nc4 Rfd8 26. g4 fxg4 27. f5 Nxe6 28. fxe6 Nh6 29. Rf7+ Nxf7 30. Rxf7+ 1-0

[Event "CZE-chT1W 0708"]
[Site "Czech Republic"]
[Date "2008.01.06"]
[Round "5.8"]
[White "Doring, Robert"]
[Black "Krys, Jaromir"]
[Result "0-1"]
[WhiteElo "2218"]
[BlackElo "2073"]
[PlyCount "79"]
[EventDate "2007.10.28"]
[EventType "team"]
[EventRounds "11"]
[EventCountry "CZE"]
[SourceTitle "EXT 2009"]
[Source "ChessBase"]
[SourceDate "2008.11.26"]
[SourceVersion "1"]
[SourceVersionDate "2008.11.26"]
[SourceQuality "1"]
[WhiteTeam "Hradec Kralove"]
[BlackTeam "Chrudim"]
[WhiteTeamCountry "CZE"]
[BlackTeamCountry "CZE"]

1. e4 e5 2. Nf3 Nc6 3. d4 exd4 4. Nxd4 Bc5 5. Be3 Qf6 6. c3 Nge7 7. g3 d5 8. Bg2 dxe4 9. Nd2 Bxd4 10. cxd4 Nd5 11. Nxe4 Qg6 12. Nc5 Nxe3 13. fxe3 0-0 14. 0-0 b6 15. Nd3 Bb7 16. Rc1 Rac8 17. Nf4 Qd6 18. Qa4 Na5 19. Bxb7 Nxb7 20. Qxa7 Rb8 21. Rc3 c5 22. Rd1 Na5 23. Qa6 Nc6 24. Qa4 Rfd8 25. Rdc1 Ne7 26. dxc5 bxc5 27. Qe4 Rb4 28. Qc2 Qf6 29. Nd3 Rb5 30. a4 Rb6 31. Nxc5 Nd5 32. Rb3 Rxb3 33. Qxb3 Qf3 34. Rd1 g6 35. Rf1 Qe2 36. e4 Qe3+ 37. Qxe3 Nxe3 38. Rc1 Ng4 39. Rc2 Rd4 40. h3 0-1

[Event "CZE Juniorcentrum op-A"]
[Site "Sec u Chrudimi"]
[Date "2005.10.27"]
[Round "7"]
[White "Paukert, Jan"]
[Black "Krys, Jaromir"]
[Result "0-1"]
[WhiteElo "1880"]
[BlackElo "2073"]
[PlyCount "118"]
[EventDate "2005.10.22"]
[EventType "swiss"]
[EventRounds "9"]
[EventCountry "CZE"]
[SourceTitle "EXT 2008"]
[Source "ChessBase"]
[SourceDate "2007.11.25"]
[SourceVersion "1"]
[SourceVersionDate "2007.11.25"]
[SourceQuality "1"]

1. d4 Nf6 2. Nf3 d5 3. g3 e6 4. Bg2 Be7 5. 0-0 0-0 6. c4 c6 7. Nc3 Nbd7 8. Qd3 Qc7 9. Bf4 Bd6 10. Bxd6 Qxd6 11. e4 dxc4 12. Qxc4 e5 13. Rad1 Qe7 14. dxe5 Nxe5 15. Nxe5 Qxe5 16. f4 Qc7 17. h3 Be6 18. Qc5 Nd7 19. Qe3 Qb6 20. Qxb6 Nxb6 21. b3 Rad8 22. g4 f6 23. Kf2 Nc8 24. Ke3 Ne7 25. Bf3 b6 26. h4 c5 27. Rxd8 Rxd8 28. Rd1 Rxd1 29. Bxd1 Nc6 30. g5 Kf7 31. Be2 Nb4 32. f5 Bd7 33. Kf4 Ke7 34. e5 fxe5+ 35. Kxe5 Nc6+ 36. Kf4 Nd4 37. Bd3 Bc6 38. Be4 Bxe4 39. Kxe4 Nc6 40. Nd5+ Kf7 41. h5 Ne7 42. Nc7 h6 43. g6+ Kf8 44. Ne6+ Kg8 45. Nd8 b5 46. Ne6 c4 47. bxc4 bxc4 48. Nd4 c3 49. Nc2 Kf8 50. Ke5 Ng8 51. Ke6 Nf6 52. Ke5 Nxh5 53. Ke4 Ng3+ 54. Kf4 Ne2+ 55. Ke3 Nc1 56. Nb4 a5 57. Nc6 Nxa2 58. Nxa5 c2 59. Kd2 c1Q+ 0-1

[Event "CZE Juniorcentrum op-A"]
[Site "Sec u Chrudimi"]
[Date "2005.10.25"]
[Round "4"]
[White "Janousek, Petr"]
[Black "Krys, Jaromir"]
[Result "1/2-1/2"]
[WhiteElo "2183"]
[BlackElo "2073"]
[PlyCount "40"]
[EventDate "2005.10.22"]
[EventType "swiss"]
[EventRounds "9"]
[EventCountry "CZE"]
[SourceTitle "EXT 2008"]
[Source "ChessBase"]
[SourceDate "2007.11.25"]
[SourceVersion "1"]
[SourceVersionDate "2007.11.25"]
[SourceQuality "1"]

1. e4 e5 2. Nf3 Nc6 3. Bb5 Nge7 4. c3 g6 5. 0-0 Bg7 6. d4 exd4 7. cxd4 0-0 8. d5 Ne5 9. Nxe5 Bxe5 10. Nc3 c6 11. Bc4 d6 12. Bh6 Bg7 13. Bxg7 Kxg7 14. Qd4+ Kg8 15. Rad1 b5 16. Bb3 c5 17. Qf6 Ba6 18. Rfe1 b4 19. Nb1 Nc8 20. Qf4 f6 1/2-1/2

[Event "Chrudim op"]
[Site "Chrudim"]
[Date "2004.07.10"]
[Round "6"]
[White "Krys, Jaromir"]
[Black "Kus, Martin"]
[Result "1-0"]
[WhiteElo "1628"]
[BlackElo "1479"]
[PlyCount "77"]
[EventDate "2004.07.06"]
[EventType "swiss"]
[EventRounds "9"]
[EventCountry "CZE"]
[SourceTitle "EXT 2006"]
[Source "ChessBase"]
[SourceDate "2005.11.24"]
[SourceVersion "1"]
[SourceVersionDate "2005.11.24"]
[SourceQuality "1"]

1. d4 d5 2. c4 e5 3. dxe5 d4 4. Nf3 Nc6 5. Bd2 Nge7 6. g3 Bg4 7. Bg2 d3 8. h3 Bxf3 9. exf3 Nxe5 10. f4 N5c6 11. 0-0 Nd4 12. Nc3 Nec6 13. a3 Be7 14. Rc1 0-0 15. Be4 Ne6 16. Be3 Nc5 17. Bxc5 Bxc5 18. Qxd3 Qxd3 19. Bxd3 Rfe8 20. b4 Bd4 21. Nb5 Re7 22. Rcd1 Rd8 23. Nxd4 Rxd4 24. b5 Rd6 25. bxc6 bxc6 26. Bc2 g6 27. Ba4 c5 28. Rd5 Rxd5 29. cxd5 Re4 30. Bc6 Rc4 31. Rb1 Kf8 32. Rb7 Rc1+ 33. Kg2 c4 34. Rxc7 c3 35. Ba4 Rb1 36. d6 Rb8 37. d7 Rd8 38. Rxc3 Ke7 39. Rc7 1-0

[Event "Chrudim op"]
[Site "Chrudim"]
[Date "2004.07.09"]
[Round "5"]
[White "Zeman, Arnost"]
[Black "Krys, Jaromir"]
[Result "1/2-1/2"]
[WhiteElo "1250"]
[BlackElo "1626"]
[PlyCount "83"]
[EventDate "2004.07.06"]
[EventType "swiss"]
[EventRounds "9"]
[EventCountry "CZE"]
[SourceTitle "EXT 2006"]
[Source "ChessBase"]
[SourceDate "2005.11.24"]
[SourceVersion "1"]
[SourceVersionDate "2005.11.24"]
[SourceQuality "1"]

1. e4 e5 2. Nf3 Nc6 3. d4 exd4 4. Nxd4 Bc5 5. Be3 Qf6 6. c3 Bb6 7. f4 Nxd4 8. e5 Qe7 9. Bxd4 d5 10. Bxb6 axb6 11. Qxd5 Nf6 12. Bb5+ Nd7 13. Bxd7+ Qxd7 14. Qxd7+ Bxd7 15. 0-0 Bf5 16. Nd2 0-0 17. Nf3 h6 18. a3 Rad8 19. Rfd1 Be4 20. Kf2 c5 21. Rd6 Bxf3 22. Kxf3 Rxd6 23. exd6 Rd8 24. Rd1 f5 25. g4 fxg4+ 26. Kxg4 Kf7 27. Kf5 b5 28. Ke5 g6 29. d7 Ke7 30. f5 gxf5 31. Kxf5 Rxd7 32. Rxd7+ Kxd7 33. Kg6 Ke6 34. h4 c4 35. h5 b6 36. Kg7 Kf5 37. Kxh6 Kf6 38. Kh7 Kf7 39. h6 b4 40. a4 b3 41. Kh8 Kg6 42. h7 1/2-1/2

[Event "Chrudim op"]
[Site "Chrudim"]
[Date "2004.07.07"]
[Round "2"]
[White "Kokes, Bohuslav"]
[Black "Krys, Jaromir"]
[Result "1-0"]
[WhiteElo "2089"]
[BlackElo "1628"]
[PlyCount "101"]
[EventDate "2004.07.06"]
[EventType "swiss"]
[EventRounds "9"]
[EventCountry "CZE"]
[SourceTitle "EXT 2006"]
[Source "ChessBase"]
[SourceDate "2005.11.24"]
[SourceVersion "1"]
[SourceVersionDate "2005.11.24"]
[SourceQuality "1"]

1. e4 e5 2. f4 d6 3. Nf3 Nc6 4. Bc4 h6 5. Nc3 exf4 6. d4 Bg4 7. Bxf4 a6 8. a3 g5 9. Bg3 Bg7 10. Qd3 Bh5 11. 0-0 Nf6 12. Nd5 Nd7 13. c3 Bg6 14. Rae1 0-0 15. Ne3 Nb6 16. Ba2 d5 17. Nf5 dxe4 18. Qxe4 Kh8 19. Ne5 Nxe5 20. Bxe5 Bxf5 21. Rxf5 f6 22. Bb1 Qd5 23. Rxf6 Qxe4 24. Rxf8+ Rxf8 25. Rxe4 Bxe5 26. Rxe5 Kg7 27. Ba2 Nc8 28. g3 b6 29. Be6 Nd6 30. Bd7 Rf7 31. Bc6 Nc4 32. Re2 Nd6 33. Bd5 Rd7 34. Kf2 Kf6 35. Re6+ Kg7 36. Bb3 Rf7+ 37. Ke2 Rd7 38. Kd3 Nc8 39. c4 Re7 40. c5 bxc5 41. Rxa6 cxd4 42. Be6 Nb6 43. Bf5 Rf7 44. g4 Kf6 45. Kxd4 h5 46. h3 hxg4 47. hxg4 Ke7 48. a4 Nd7 49. Rg6 c5+ 50. Kc3 Ne5 51. Re6+ 1-0

[Event "Chrudim op"]
[Site "Chrudim"]
[Date "2003.07.11"]
[Round "7"]
[White "Hlavacek, Bedrich"]
[Black "Krys, Jaromir"]
[Result "1/2-1/2"]
[WhiteElo "1608"]
[BlackElo "1626"]
[PlyCount "64"]
[EventDate "2003.07.??"]
[EventType "swiss"]
[EventRounds "9"]
[EventCountry "CZE"]
[SourceTitle "EXT 2006"]
[Source "ChessBase"]
[SourceDate "2005.11.24"]
[SourceVersion "1"]
[SourceVersionDate "2005.11.24"]
[SourceQuality "1"]

1. e4 e5 2. Nf3 Nc6 3. Bb5 a6 4. Ba4 d6 5. 0-0 Bd7 6. c3 Nf6 7. Re1 Be7 8. d4 exd4 9. cxd4 b5 10. Bc2 0-0 11. Bg5 Bg4 12. Be3 Nb4 13. Nbd2 c5 14. a3 Nxc2 15. Qxc2 Rc8 16. dxc5 dxc5 17. h3 Bd7 18. Nf1 c4 19. Ng3 Qc7 20. Nf5 Bxf5 21. exf5 Rfe8 22. Rad1 h6 23. g4 Nh7 24. Bd4 Ng5 25. Nxg5 Bxg5 26. Qc3 f6 27. Qb4 Bf4 28. Rxe8+ Rxe8 29. Re1 Rxe1+ 30. Qxe1 Be5 31. Qe4 Qd6 32. Bxe5 Qxe5 1/2-1/2

[Event "Chrudim op"]
[Site "Chrudim"]
[Date "2003.07.09"]
[Round "4"]
[White "Voglova, Eva"]
[Black "Krys, Jaromir"]
[Result "1-0"]
[WhiteElo "1661"]
[BlackElo "1626"]
[PlyCount "111"]
[EventDate "2003.07.??"]
[EventType "swiss"]
[EventRounds "9"]
[EventCountry "CZE"]
[SourceTitle "EXT 2006"]
[Source "ChessBase"]
[SourceDate "2005.11.24"]
[SourceVersion "1"]
[SourceVersionDate "2005.11.24"]
[SourceQuality "1"]

1. d4 d5 2. c4 e6 3. Nc3 Nf6 4. Bg5 c6 5. cxd5 cxd5 6. Nf3 Be7 7. e3 0-0 8. Bd3 h6 9. Bh4 Nc6 10. a3 a6 11. 0-0 Bd7 12. Rc1 Rc8 13. Bb1 Ne8 14. Qd3 f5 15. Bxe7 Qxe7 16. Na4 Na7 17. Rxc8 Nxc8 18. Nc3 Nf6 19. Ne5 Be8 20. Rc1 Nd6 21. Ne2 Kh7 22. Qc2 Bb5 23. Nf4 Rc8 24. Qd1 Rxc1 25. Qxc1 Be8 26. Qc5 g5 27. Ne2 Kg7 28. Ng3 Nh5 29. Ne2 Nf6 30. Bc2 Nd7 31. Qc7 Kf6 32. Nc3 Nf8 33. Qc5 Ng6 34. g4 Ne4 35. Qxe7+ Nxe7 36. gxf5 exf5 37. f3 Nxc3 38. bxc3 Ng6 39. Nd3 b6 40. Kf2 h5 41. Nb4 Ne7 42. Nxa6 Bb5 43. Nb4 Ke6 44. e4 dxe4 45. fxe4 f4 46. Bb3+ Kd7 47. Bf7 h4 48. Kf3 Bf1 49. Nd5 Nxd5 50. Bxd5 Kd6 51. c4 Bh3 52. e5+ Kd7 53. a4 Bf5 54. Be4 g4+ 55. Kxf4 g3 56. Bxf5+ 1-0

[Event "Volyne op-A"]
[Site "Volyne"]
[Date "2003.??.??"]
[Round "?"]
[White "Fryc, Miroslav"]
[Black "Krys, Jaromir"]
[Result "0-1"]
[WhiteElo "2141"]
[BlackElo "2039"]
[PlyCount "78"]
[EventDate "2003.??.??"]
[EventType "swiss"]
[EventRounds "9"]
[EventCountry "CZE"]
[SourceTitle "EXT 2005"]
[Source "ChessBase"]
[SourceDate "2004.11.15"]
[SourceVersion "1"]
[SourceVersionDate "2004.11.15"]
[SourceQuality "1"]

1. f4 Nf6 2. b3 b6 3. Bb2 Bb7 4. d3 d5 5. e3 e6 6. Nd2 Nc6 7. Nh3 h5 8. Be2 Bc5 9. d4 Bd6 10. 0-0 Ne7 11. Bd3 Nf5 12. Qf3 Qe7 13. Ng5 0-0-0 14. a4 Ng4 15. a5 Nxh2 16. Qh3 Nxf1 17. Nxf1 f6 18. Nxe6 Rde8 19. axb6 axb6 20. Bxf5 Kb8 21. Qf3 Qf7 22. c4 Rxe6 23. Bxe6 Qxe6 24. c5 bxc5 25. Ba3 cxd4 26. Bxd6 Qxd6 27. exd4 g5 28. Nd2 g4 29. Qe3 Bc6 30. b4 Re8 31. Qf2 Bb5 32. Qg3 Qxb4 33. Nb3 Ba4 34. Rb1 Kc8 35. Kh2 Bxb3 36. Rxb3 Qxd4 37. Rd3 Qe4 38. Rc3 f5 39. Qf2 Qe1 0-1

[Event "Volyne op-A"]
[Site "Volyne"]
[Date "2003.??.??"]
[Round "?"]
[White "Hadraba, Vladimir"]
[Black "Krys, Jaromir"]
[Result "1-0"]
[WhiteElo "2205"]
[BlackElo "2039"]
[PlyCount "107"]
[EventDate "2003.??.??"]
[EventType "swiss"]
[EventRounds "9"]
[EventCountry "CZE"]
[SourceTitle "EXT 2005"]
[Source "ChessBase"]
[SourceDate "2004.11.15"]
[SourceVersion "1"]
[SourceVersionDate "2004.11.15"]
[SourceQuality "1"]

1. e4 e5 2. Nf3 Nc6 3. Bb5 Nge7 4. 0-0 g6 5. c3 Bg7 6. d4 exd4 7. cxd4 0-0 8. Nc3 d6 9. d5 Ne5 10. Nxe5 Bxe5 11. Bh6 Bg7 12. Bxg7 Kxg7 13. Qd4+ f6 14. Rfd1 g5 15. Rac1 Ng6 16. Ne2 Ne5 17. Rc3 Bg4 18. f3 Bh5 19. Rdc1 Rf7 20. Qe3 a6 21. Nd4 Kh8 22. Ba4 b5 23. Bb3 Qb8 24. Nc6 Nxc6 25. Rxc6 Qa7 26. Kf2 Re7 27. Qxa7 Rxa7 28. Bd1 Be8 29. R6c2 Kg7 30. Be2 Bg6 31. Bd3 Kf8 32. Ke3 Kg7 33. Kd4 Be8 34. g3 Bf7 35. Bf1 Bh5 36. Bg2 Kf8 37. f4 gxf4 38. gxf4 Bg4 39. Rc3 Bh5 40. Bh3 Bf7 41. Bf5 h6 42. Rh3 h5 43. Re3 Kg7 44. Rg1+ Kf8 45. e5 fxe5+ 46. fxe5 c5+ 47. dxc6 dxe5+ 48. Rxe5 Bxa2 49. Rxe7 Rxe7 50. Bd7 Be6 51. Rf1+ Rf7 52. Rxf7+ Kxf7 53. Bxe6+ Kxe6 54. Kc5 1-0

[Event "Volyne op-A"]
[Site "Volyne"]
[Date "2003.??.??"]
[Round "?"]
[White "Krys, Jaromir"]
[Black "Sabol, Marian"]
[Result "0-1"]
[WhiteElo "2039"]
[BlackElo "2302"]
[PlyCount "94"]
[EventDate "2003.??.??"]
[EventType "swiss"]
[EventRounds "9"]
[EventCountry "CZE"]
[SourceTitle "EXT 2005"]
[Source "ChessBase"]
[SourceDate "2004.11.15"]
[SourceVersion "1"]
[SourceVersionDate "2004.11.15"]
[SourceQuality "1"]

1. e4 c6 2. d3 g6 3. Nf3 Bg7 4. g3 d5 5. Nbd2 Bg4 6. Bg2 Qc8 7. h3 Bd7 8. Nf1 dxe4 9. dxe4 Nf6 10. Ne5 Be6 11. Bd2 Nxe4 12. Bf4 Nd6 13. h4 Nd7 14. Nd3 Nf6 15. Ne3 Nf5 16. Nxf5 Bxf5 17. Be5 Qe6 18. Qe2 Nh5 19. Bxg7 Qxe2+ 20. Kxe2 Bxd3+ 21. Kxd3 Nxg7 22. c3 0-0-0+ 23. Kc2 Rd6 24. Rhe1 e6 25. g4 h5 26. g5 Nf5 27. Re4 Rhd8 28. Rf4 Rd2+ 29. Kb3 Rd1 30. Rxd1 Rxd1 31. Bh3 Kc7 32. Bxf5 gxf5 33. Kc2 Rg1 34. Kd3 c5 35. Rc4 Kc6 36. b4 b6 37. bxc5 bxc5 38. Ra4 Kb6 39. f3 Rh1 40. Rf4 a5 41. Kc2 Kb5 42. Kb3 Rh2 43. a3 Rf2 44. a4+ Kc6 45. Kc4 Rd2 46. Kb3 Kd5 47. Ka3 c4 0-1

[Event "Chrudim op"]
[Site "Chrudim"]
[Date "2002.07.15"]
[Round "8"]
[White "Kozak, Milos"]
[Black "Krys, Jaromir"]
[Result "1/2-1/2"]
[WhiteElo "2215"]
[BlackElo "2025"]
[PlyCount "24"]
[EventDate "2002.07.??"]
[EventType "swiss"]
[EventRounds "9"]
[EventCountry "CZE"]
[SourceTitle "EXT 2006"]
[Source "ChessBase"]
[SourceDate "2005.11.24"]
[SourceVersion "1"]
[SourceVersionDate "2005.11.24"]
[SourceQuality "1"]

1. d4 Nf6 2. c4 e6 3. Nf3 d5 4. Nc3 Be7 5. Bg5 0-0 6. e3 Nbd7 7. cxd5 Nxd5 8. Bxe7 Qxe7 9. Rc1 Nxc3 10. Rxc3 c5 11. Be2 b6 12. 0-0 Bb7 1/2-1/2

[Event "Chrudim op"]
[Site "Chrudim"]
[Date "2002.07.13"]
[Round "6"]
[White "Krys, Jaromir"]
[Black "Jerman, Milos"]
[Result "1/2-1/2"]
[WhiteElo "1645"]
[BlackElo "1600"]
[PlyCount "33"]
[EventDate "2002.07.??"]
[EventType "swiss"]
[EventRounds "9"]
[EventCountry "CZE"]
[SourceTitle "EXT 2006"]
[Source "ChessBase"]
[SourceDate "2005.11.24"]
[SourceVersion "1"]
[SourceVersionDate "2005.11.24"]
[SourceQuality "1"]

1. d4 Nf6 2. c4 d5 3. cxd5 Nxd5 4. e4 Nb6 5. Nf3 Bg4 6. Be2 e6 7. 0-0 Bd6 8. Nc3 c6 9. Be3 0-0 10. Rc1 Qe7 11. a3 N8d7 12. Bd3 Rac8 13. Be2 Bb8 14. e5 Rfd8 15. Bg5 f6 16. exf6 Nxf6 17. Na4 1/2-1/2